00933pam a2200265 a 450000100040000000500170000400800410002102000250006204000180008705000240010508200140012910000210014324500790016425000450024326000350028830000590032350500080038252001220039052100200051252100200053265000250055265000300057765000220060770000380062976520230713101633.0901026s1991 nyua j 000 1 eng  a0590442430 :c$13.95 aDLCcDLCdDLC00aPZ7.S75663bFo 199100a[Fic]2201 aSpinelli, Jerry.10aFourth grade rats /cSpinelli, Jerry ; illustrated by Bell, Jennifer A. . aThis edition first printing, August 2012 aNew York :bScholastic,c2012. a136 and 10 unnumbered pages :billustrations ;c20 cm. aF  aSuds learns that his best friend is wrong. You don't have to be a tough guy, a "rat," to be a grown up fourth grader. a340 bLexile  aF bRaz-Plus  1aFriendshipxFiction. 1aConduct of lifexFiction. 1aSchoolsxFiction.1 aBell, Jennifer A. eillustrator.